| 000 | 00961nam a22002777a 4500 | ||
|---|---|---|---|
| 005 | 20150812150638.0 | ||
| 010 | _aENG-113567 | ||
| 020 |
_a9788125054849 _c750.00 |
||
| 035 | _aEN- 97099 | ||
| 037 | _bDBAD/PUB | ||
| 082 | _a300 | ||
| 245 |
_aCovering and explaining conflict in civil society / _cedited by Nalini Rajan |
||
| 260 |
_aNew Delhi _bOrient Blackswan _c2014 |
||
| 270 |
_a1/24, Asaf Ali Road _bNew Delhi _e110002 |
||
| 300 |
_a207p. _c23cm(Hb) |
||
| 490 | _aStudies in journalism | ||
| 500 | _aIncludes bibliographical references | ||
| 505 | _apart I. Covering conflict in civil society -- part II. Explaining conflict in civil society -- part III. Civil society in social media. | ||
| 520 | _a Contributed articles. | ||
| 650 | _aCivil society. | ||
| 650 | _aConflict management. | ||
| 650 | _aSocial conflict in mass media. | ||
| 650 | _a Social media. | ||
| 700 | _aNalini Rajan | ||
| 942 |
_2ddc _cEN _mCOV _h300 |
||
| 999 |
_c95117 _d95117 |
||